Asian glory : (Record no. 2501)
[ view plain ]
| 000 -LEADER | |
|---|---|
| fixed length control field | 01239cam a2200349 a 4500 |
| 001 - CONTROL NUMBER | |
| control field | 10277761 |
| 003 - CONTROL NUMBER IDENTIFIER | |
| control field | OSt |
| 005 - DATE AND TIME OF LATEST TRANSACTION | |
| control field | 20170105101154.0 |
| 008 - FIXED-LENGTH DATA ELEMENTS--GENERAL INFORMATION | |
| fixed length control field | 121106s2012 pk a 000 0 eng |
| 010 ## - LIBRARY OF CONGRESS CONTROL NUMBER | |
| LC control number | 2012430935 |
| 020 ## - INTERNATIONAL STANDARD BOOK NUMBER | |
| International Standard Book Number | 9789698893095 |
| 020 ## - INTERNATIONAL STANDARD BOOK NUMBER | |
| International Standard Book Number | 9698893091 |
| 025 ## - OVERSEAS ACQUISITION NUMBER | |
| Overseas acquisition number | P-E-2012430935 ;24 |
| 035 ## - SYSTEM CONTROL NUMBER | |
| System control number | (OCoLC)ocn821070431 |
| 035 ## - SYSTEM CONTROL NUMBER | |
| System control number | (OCoLC)821070431 |
| 035 ## - SYSTEM CONTROL NUMBER | |
| System control number | (NNC)10277761 |
| 037 ## - SOURCE OF ACQUISITION | |
| Source of stock number/acquisition | Library of Congress -- Islamabad Overseas Office |
| 040 ## - CATALOGING SOURCE | |
| Original cataloging agency | DLC |
| Language of cataloging | eng |
| Transcribing agency | DLC |
| 042 ## - AUTHENTICATION CODE | |
| Authentication code | lcode |
| -- | pcc |
| 043 ## - GEOGRAPHIC AREA CODE | |
| Geographic area code | a------ |
| 050 00 - LIBRARY OF CONGRESS CALL NUMBER | |
| Classification number | GV923 |
| Item number | .M314 2012 |
| 100 1# - MAIN ENTRY--PERSONAL NAME | |
| Personal name | Mahmood, Syed Khalid. |
| 245 10 - TITLE STATEMENT | |
| Title | Asian glory : |
| Remainder of title | cricket world cup 2011 / |
| Statement of responsibility, etc. | Syed Khalid Mahmood. |
| 250 ## - EDITION STATEMENT | |
| Edition statement | 1st ed. |
| 260 ## - PUBLICATION, DISTRIBUTION, ETC. | |
| Place of publication, distribution, etc. | Karachi : |
| Name of publisher, distributor, etc. | Jumbo Publishing, |
| Date of publication, distribution, etc. | 2012. |
| 300 ## - PHYSICAL DESCRIPTION | |
| Extent | 162 p. : |
| Other physical details | ill. (some col.) ; |
| Dimensions | 22 cm. |
| 611 20 - SUBJECT ADDED ENTRY--MEETING NAME | |
| Meeting name or jurisdiction name as entry element | World Cup (Cricket) |
| Number of part/section/meeting | (10th : |
| Date of meeting | 2011 : |
| Location of meeting | Kolkata, India; Chennai, India; New Delhi, India; Nāgpur, India; Ahmadābād, India; Mumbai, India; Mohali, India; Bangalore, India; Colombo, Sri Lanka; Pallekele, Sri Lanka; Hambantota, Sri Lanka; Chittagong, Bangladesh; Dhaka, Bangladesh) |
| 611 20 - SUBJECT ADDED ENTRY--MEETING NAME | |
| Meeting name or jurisdiction name as entry element | World Cup (Cricket) |
| 942 ## - ADDED ENTRY ELEMENTS (KOHA) | |
| Source of classification or shelving scheme | |
| Koha item type | Book |
| 948 1# - LOCAL PROCESSING INFORMATION (OCLC); SERIES PART DESIGNATOR (RLIN) | |
| Series part designator, SPT (RLIN) | 20130513 |
| b (OCLC) | c |
| c (OCLC) | sds12 |
| d (OCLC) | MPS |
| Withdrawn status | Lost status | Source of classification or shelving scheme | Damaged status | Not for loan | Collection code | Permanent Location | Current Location | Shelving location | Date acquired | Total Checkouts | Full call number | Barcode | Date last seen | Price effective from | Koha item type |
|---|---|---|---|---|---|---|---|---|---|---|---|---|---|---|---|
| Central Library (CL) | Central Library (CL) | General Stacks | 01/22/2016 | 796 KHA | S3H-D-73 | 01/22/2016 | 01/22/2016 | Book |
